Las partes del cuerpo en francés - Estadísticas

Estadísticas generales
  • Esta prueba ha sido intentada 24 veces
  • La puntuación promedio es 7 de 15
Estadísticas de respuestas
Imagen Respuesta % Correcto
Tête
95%
Main
79%
Bras
74%
Pied
68%
Dos
58%
Jambe
53%
Doigt
47%
Genou
42%
Cou
37%
Orteil
32%
Épaule
26%
Poignet
26%
Cheville
21%
Poitrine
21%
Ventre
21%
No se encontraron pruebas coincidentes
Distribución de puntuación
Porcentaje de gente con cada puntuación
Porcentaje por número respondido
Historial de tus puntuaciones
No has intentado esta prueba.